|
|
|
|
| LEADER |
00000nam a2200000 a 4500 |
| 001 |
UCO3210 |
| 003 |
CL-VaPUC |
| 005 |
20230904105913.0 |
| 008 |
000714e19580000BO |||||||||||||||||spa|d |
| 999 |
|
|
|c 289680
|d 289678
|
| 040 |
|
|
|c Pontificia Universidad Católica de Valparaíso
|
| 082 |
0 |
4 |
|a 984
|b VAZ
|2 21
|
| 100 |
0 |
|
|a Vázquez Machicado, Humberto
|e author
|9 447167
|
| 245 |
1 |
0 |
|a Manual de historia de Bolivia
|
| 260 |
|
|
|a La Paz
|b Gisbert
|c 1958
|
| 300 |
|
|
|a 453 p
|
| 583 |
|
|
|a last modification
|c 20000714 00:00:00
|k Rodrigo Vera
|
| 650 |
|
7 |
|a HISTORIA DE BOLIVIA
|2 CL-VaPUC
|9 447169
|
| 650 |
|
0 |
|a América Precolombina
|9 446253
|
| 650 |
|
7 |
|a DESCUBRIMIENTO DE BOLIVIA
|2 CL-VaPUC
|9 447171
|
| 650 |
|
7 |
|a INDEPENDENCIA DE BOLIVIA
|2 CL-VaPUC
|9 447141
|
| 650 |
|
0 |
|a Periodo Colonial
|9 257430
|
| 650 |
|
0 |
|a Guerra del Pacífico
|9 314886
|
| 650 |
|
0 |
|a Indios de América del Sur
|9 255272
|
| 650 |
|
7 |
|a INCAS
|2 CL-VaPUC
|9 256565
|
| 651 |
|
0 |
|a Bolivia
|9 255454
|
| 700 |
|
|
|a Gisbert Carbonell, Teresa
|e author
|9 538714
|
| 700 |
|
|
|a Mesa, José de
|e autor
|9 507765
|
| 852 |
|
|
|a BIBCUR
|
| 942 |
|
|
|c BK
|2 ddc
|
| 945 |
|
|
|d 20000714 00:00:00
|a rherrera
|
| 952 |
|
|
|0 0
|1 0
|4 0
|6 984_000000000000000_VAZ_1958
|7 0
|8 A
|9 338267
|a BIBHIS
|b BIBHIS
|d 2019-11-20
|i 129850K
|o 984 VAZ 1958
|p 129850K
|r 2025-01-20
|w 2019-11-20
|y BK
|k HIS
|